00813cam a22002413a 450000100060000000300060000600500170001200800410002904000150007004200070008505000060009224501220009826000290022050600300024951600200027965300450029965300400034465300320038465300310041670000530044783000290050085600420052912755PGUSA20140828083256.0040628s2004||||xxu|||||s|||||000 | eng d aPGUSAbeng adc 4aJ12aA Compilation of the Messages and Papers of the Presidents :bVolume 6, part 2: Andrew Johnsonh[electronic resource] bProject Gutenberg,c2004 aPublic domain in the USA. aElectronic text aUnited States -- Politics and government aUnited States -- History -- Sources aPresidents -- United States aJohnson, Andrew, 1808-18751 aRichardson, James D.q(James Daniel),d1843-1914 0aProject Gutenbergv1275540uhttp://www.gutenberg.org/ebooks/12755